Recherche en matiére d'économie des transports bulletin annuel d'information

Guardado en:
Detalles Bibliográficos
Autor Corporativo: OECD. European Conference of Ministers of Transport
Formato: Libro
Lenguaje:francés
inglés
Publicado: Paris OECD 1993
Materias:
Etiquetas: Agregar Etiqueta
Sin Etiquetas, Sea el primero en etiquetar este registro!

MARC

LEADER 00000nam a2200000 4500
001 c005140
005 20221214083703.4
020 |a 92-821-0185-1 
041 0 |a fre 
041 0 |a eng 
044 |a FR 
245 1 0 |a Recherche en matiére d'économie des transports  |b bulletin annuel d'information 
264 1 |a Paris  |b OECD  |c 1993 
300 |a 419 s. 
610 2 0 |a výskum 
610 2 0 |a doprava 
610 2 0 |a ekonómia 
610 2 0 |a politika dopravná 
610 2 0 |a doprava cestná 
610 2 0 |a bezpečnosť dopravy 
610 2 0 |a doprava železničná 
610 2 0 |a doprava hromadná mestská 
610 2 0 |a doprava vodná 
610 2 0 |a doprava námorná 
610 2 0 |a doprava letecká 
610 2 0 |a doprava kontajnerová 
610 2 0 |a doprava kombinovaná 
610 2 0 |a logistika 
710 2 |a OECD. European Conference of Ministers of Transport